Los derechos sociales y el derecho a la educación: el nuevo contexto en relación a derechos humanos /

Sábháilte in:
Sonraí bibleagrafaíochta
Príomhchruthaitheoir: Salvat B, Pablo
Formáid: Téacs
Ábhair:
Clibeanna: Cuir clib leis
Níl clibeanna ann, Bí ar an gcéad duine le clib a chur leis an taifead seo!

MARC

LEADER 00000 a a2200000 04500
001 2148
003
040
100 |a Salvat B, Pablo  
245 |a Los derechos sociales y el derecho a la educación:   |b el nuevo contexto en relación a derechos humanos /  |c Pablo Salvat B 
650 |a DERECHOS HUMANOS  
650 |a EDUCACION  
650 |a DERECHOS CIVILES  
650 |a INSTITUCIONES PUBLICAS  
650 |a SISTEMAS POLITICOS  
650 |a ESTADO  
650 |a SOCIEDAD  
773 |g número 47; páginas 16-26  
999 |c 39060  |d 39060